| 000 | 00548nam a2200193 a 4500 | ||
|---|---|---|---|
| 001 | 3123 | ||
| 003 | CDMR | ||
| 005 | 20131127180232.0 | ||
| 008 | 130130s2002||||||||||||||||||||||||||||d | ||
| 020 | _a9788484323722 | ||
| 040 |
_aCDMR _bcat _cCDMR |
||
| 100 | 1 |
_aMartínez Reverte, Jorge _9681 |
|
| 245 | 1 | 0 |
_aPerro come perro _b: guía para leer los periódicos _cJorge M. Reverte |
| 260 |
_aBarcelona _c2002 _bAres y Mares |
||
| 300 | _a219 p. | ||
| 650 | 0 | 4 |
_94252 _aArticles de diaris |
| 650 | 0 | 4 |
_94090 _aPremsa i política _zEspanya |
| 942 |
_cMON _2udc |
||
| 999 |
_c3123 _d3123 |
||